00483nam a2200193 a 4500001001300000003000900013005001700022008004100039020001000080082001300090100001600103245001700119260005400136300000800190500003500198505002400233650001600257700001600273nice12345678IN_TiNIC20260116013020.0050524s1935 hyda grp 000 0 urd  ac10000a239bDUR aDurani, M H aZabih Ullah. aHyderabadbMaktaba Ibrahimiya Mission Pressc1935 a24p aincludes index and biblioraphy2 aBibliography, Index aApologetics1 aDurani, M H